| 000 | 00340nam a2200121Ia 4500 | ||
|---|---|---|---|
| 008 | 150202s9999 xx 000 0 und d | ||
| 050 |
_aFIC _bFIC |
||
| 100 | _aTchudi, Stephen. | ||
| 245 | 4 |
_aThe burg-o-rama man / _cStephen Tchudi. |
|
| 260 |
_aNew York : _bLaurel Leaf Books, _c1983. |
||
| 300 |
_a183 pages : _c18 cm. |
||
| 650 | _aFiction. | ||
| 999 |
_c282429 _d282429 |
||